MAASAI MARA UNIVERSITY

LIBRARY CATALOGUE

Contact Us: +254 020 2685356/7 or 0774 057787

Box: 861-20500, NAROK, KENYA

Email: info@mmarau.ac.ke

_ Microsoft SQL server 7.0 Data Werehousing Training (Record no. 6062)

MARC details
000 -LEADER
fixed length control field 00421nam a2200145Ia 4500
008 - FIXED-LENGTH DATA ELEMENTS--GENERAL INFORMATION
fixed length control field 151021s9999 xx 000 0 und d
020 ## - INTERNATIONAL STANDARD BOOK NUMBER
International Standard Book Number 735606706
050 ## - LIBRARY OF CONGRESS CALL NUMBER
Classification number QA 76.3 .M 528 2000
245 ## - TITLE STATEMENT
Title _ Microsoft SQL server 7.0 Data Werehousing Training
260 ## - PUBLICATION, DISTRIBUTION, ETC. (IMPRINT)
Place of publication, distribution, etc. U S A Microsoft press 2000
300 ## - PHYSICAL DESCRIPTION
Extent xxxiv,714p,;ill
500 ## - GENERAL NOTE
General note Includes Index
650 ## - SUBJECT ADDED ENTRY--TOPICAL TERM
Topical term or geographic name as entry element _Microsoft
980 ## - EQUIVALENCE OR CROSS-REFERENCE-SERIES STATEMENT--PERSONAL NAME/TITLE [LOCAL, CANADA]
Personal name ^d20110117 12:22:39^okilerai

No items available.

© 2016 Maasai Mara University.